| 000 -LEADER |
| fixed length control field |
nam a22 a 4500 |
| 003 - CONTROL NUMBER IDENTIFIER |
| control field |
AKMAL |
| 005 - DATE AND TIME OF LATEST TRANSACTION |
| control field |
20170517082132.0 |
| 008 - FIXED-LENGTH DATA ELEMENTS--GENERAL INFORMATION |
| fixed length control field |
170517s2009 my a e | 000 s may d |
| 020 ## - INTERNATIONAL STANDARD BOOK NUMBER |
| International Standard Book Number |
9789679695960 (kkt.) |
| 020 ## - INTERNATIONAL STANDARD BOOK NUMBER |
| International Standard Book Number |
9789679695991 (set) |
| 039 #9 - LEVEL OF BIBLIOGRAPHIC CONTROL AND CODING DETAIL [OBSOLETE] |
| Level of rules in bibliographic description |
201302061441 |
| Level of effort used to assign nonsubject heading access points |
noraini_y |
| Level of effort used to assign subject headings |
201006071157 |
| Level of effort used to assign classification |
naima |
| Level of effort used to assign subject headings |
201004271149 |
| Level of effort used to assign classification |
azma |
| Level of effort used to assign subject headings |
201004221148 |
| Level of effort used to assign classification |
azril |
| 040 ## - CATALOGING SOURCE |
| Original cataloging agency |
AKMAL |
| 082 04 - DEWEY DECIMAL CLASSIFICATION NUMBER |
| Classification number |
320.9595 AMA |
| Edition number |
22 |
| 090 00 - LOCALLY ASSIGNED LC-TYPE CALL NUMBER (OCLC); LOCAL CALL NUMBER (RLIN) |
| Classification number (OCLC) (R) ; Classification number, CALL (RLIN) (NR) |
320.9595 |
| Local cutter number (OCLC) ; Book number/undivided call number, CALL (RLIN) |
AMA |
| 245 00 - TITLE STATEMENT |
| Title |
Amanat presiden : |
| Remainder of title |
demi agama, bangsa dan negara : 2004-2009 : Tun Abdullah Ahmad Badawi / |
| Statement of responsibility, etc. |
disusun dan diselenggara oleh Abdul Rahman Abdul Aziz, Mustapa Kassim |
| 260 ## - PUBLICATION, DISTRIBUTION, ETC. |
| Place of publication, distribution, etc. |
Kuala Lumpur : |
| Name of publisher, distributor, etc. |
Berita Pub., |
| Date of publication, distribution, etc. |
2009 |
| 300 ## - PHYSICAL DESCRIPTION |
| Extent |
xxiv, 128ms. : |
| Other physical details |
il. ; |
| Dimensions |
23cm. |
| 490 1# - SERIES STATEMENT |
| Series statement |
Siri amanat presiden UMNO 1946-2009 |
| 600 0# - SUBJECT ADDED ENTRY--PERSONAL NAME |
| Personal name |
Abdullah Ahmad Badawi, |
| Titles and other words associated with a name |
Tun, |
| Dates associated with a name |
1939- |
| 9 (RLIN) |
482 |
| 610 2# - SUBJECT ADDED ENTRY--CORPORATE NAME |
| Corporate name or jurisdiction name as entry element |
UMNO |
| 9 (RLIN) |
6 |
| 650 10 - SUBJECT ADDED ENTRY--TOPICAL TERM |
| Topical term or geographic name entry element |
Speeches, addresses, etc. |
| 9 (RLIN) |
54 |
| 650 20 - SUBJECT ADDED ENTRY--TOPICAL TERM |
| Topical term or geographic name entry element |
Political parties |
| Geographic subdivision |
Malaysia |
| 9 (RLIN) |
3084 |
| 650 20 - SUBJECT ADDED ENTRY--TOPICAL TERM |
| Topical term or geographic name entry element |
Prime ministers |
| Geographic subdivision |
Malaysia |
| 9 (RLIN) |
7 |
| 651 #0 - SUBJECT ADDED ENTRY--GEOGRAPHIC NAME |
| Geographic name |
Malaysia |
| General subdivision |
Politics and government |
| Chronological subdivision |
1946-2009 |
| 9 (RLIN) |
5192 |
| 700 0# - ADDED ENTRY--PERSONAL NAME |
| Personal name |
Abdul Rahman Abdul Aziz |
| 9 (RLIN) |
3090 |
| 700 0# - ADDED ENTRY--PERSONAL NAME |
| Personal name |
Mustapa Kassim |
| 9 (RLIN) |
3091 |
| 830 #0 - SERIES ADDED ENTRY--UNIFORM TITLE |
| Uniform title |
Siri amanat presiden UMNO 1946-2009 |
| 9 (RLIN) |
3092 |
| 942 ## - ADDED ENTRY ELEMENTS (KOHA) |
| Source of classification or shelving scheme |
|
| Koha item type |
Book |